The L Word : welcome to our planet /
Gorde:
| Egile nagusia: | |
|---|---|
| Beste egile batzuk: | |
| Formatua: | Liburua |
| Hizkuntza: | ingelesa |
| Argitaratua: |
New York :
Fireside Books,
c2005
|
| Etiketak: |
Etiketarik gabe, Izan zaitez lehena erregistro honi etiketa jartzen!
|
MARC
| LEADER | 00000nam a22000007i 4500 | ||
|---|---|---|---|
| 001 | IT\ICCU\UBO\2994233 | ||
| 003 | ItRI | ||
| 005 | 20260115231820.0 | ||
| 008 | 060609s2005 xxu|||||| ||||| |||||c | ||
| 020 | |a 0743291330 | ||
| 020 | |a 9780743291336 | ||
| 040 | |b ita |c importazione bologna sebina | ||
| 041 | 7 | |a eng |2 ISO-639-2 | |
| 100 | 1 | |a Bolonik, Kera |0 IT\ICCU\UBOV\033601 |4 aut | |
| 245 | 1 | 4 | |a The L Word : |b welcome to our planet / |c Kera Bolonik ; introduction by Ilene Chaiken. |
| 260 | |a New York : |b Fireside Books, |c c2005 | ||
| 300 | |a XIII, 239 p. : |b ill. ; |c 23 cm. | ||
| 700 | 1 | |a Chaiken, Ilene |0 IT\ICCU\UBOV\033602 | |
| 942 | |2 ddc |c BK |n 0 | ||
| 952 | |0 0 |1 0 |4 0 |6 L_791_457000000000000_BOL |7 0 |9 13400 |a BO |b BO |d 2026-01-15 |i 12223 |l 0 |o L 791.457 BOL |p BO12223 |r 2026-01-15 23:18:20 |w 2026-01-15 |x [Sebina 5] [1 v. (2. copia)] |y BK |z 1 v. (2. copia) | ||
| 952 | |0 0 |1 0 |4 0 |6 L_791_457000000000000_BOL |7 0 |9 13401 |a BO |b BO |d 2026-01-15 |i 10040 |l 0 |o L 791.457 BOL |p BO10040 |r 2026-01-15 23:18:20 |w 2026-01-15 |x [Sebina 5] [1 v.] |y BK |z 1 v. | ||
| 999 | |c 11514 |d 11514 | ||